000 00644nam a22002297a 4500
005 20170124110033.0
010 _a920054
020 _c00.00
_a92310112681
035 _a920054
037 _bCen Lib/Ret
040 _aDPL
_bEN
082 _a500
_bTRA
100 _aTraverso-Buzzati, Adriano
_988963
245 _aThe scientific enterprise today and tomorrow /
_cby Adriano Buzzati-Traverso
260 _aParis
_bUnesco
_c1977
270 _aParis
_bParis
300 _axvi,439p. :
_c24cm(Hb)
_bill.
500 _aIncludes index
650 _aScience
_910795
650 _aAstronomy
_988964
942 _2ddc
_cEN
_h500
_mTRA
999 _c128009
_d128009